Human Development top 50 of 2023 (highest) - Statistics

General Stats
  • This quiz has been taken 211 times
  • The average score is 37 of 50
Answer Stats
Rank Country Score Contintent % Correct
18 Japan 0,925 Asia
94%
20 United States 0,921 North America
93%
1 Switzerland 0,962 Europe
92%
2 Norway 0,961 Europe
91%
17 United Kingdom 0,929 Europe
91%
4 Australia 0,951 Oceania
90%
29 Italy 0,885 Europe
90%
8 Germany 0,942 Europe
89%
19 South-Korea 0,925 Asia
88%
14 Canada 0,936 North America
87%
6 Sweden 0,947 Europe
87%
27 France 0,903 Europe
84%
9 Netherlands 0,941 Europe
84%
33 Poland 0,876 Europe
84%
26 Spain 0,905 Europe
84%
10 Finland 0,940 Europe
83%
7 Ireland 0,945 Europe
82%
13 New Zealand 0,937 Oceania
81%
37 Portugal 0,866 Europe
81%
16 Luxembourg 0,930 Europe
80%
5 Denmark 0,948 Europe
79%
24 Austria 0,916 Europe
78%
11 Singapore 0,939 Asia
78%
25 United Arab Emirates 0,911 Asia
78%
12 Belgium 0,937 Europe
77%
32 Greece 0,887 Europe
77%
3 Iceland 0,959 Europe
76%
46 Argentina 0,842 South America
73%
42 Qatar 0,855 Asia
73%
47 Turkey 0.838 Europe/Asia
72%
41 Chile 0,855 South America
71%
15 Liechtenstein 0,935 Europe
70%
31 Czechia 0,889 Europe
69%
30 Estonia 0,890 Europe
69%
36 Saudi Arabia 0,875 Asia
69%
45 Hungary 0,846 Europe
68%
38 Latvia 0,863 Europe
66%
23 Slovenia 0,918 Europe
66%
35 Lithuania 0,875 Europe
65%
44 Slovakia 0,848 Europe
65%
39 Andorra 0,858 Europe
64%
40 Croatia 0,858 Europe
63%
21 Israel 0,919 Asia
60%
43 San Marino 0,853 Europe
60%
22 Malta 0,918 Europe
59%
34 Bahrain 0,875 Asia
57%
28 Cyprus 0,896 Europe
55%
49 Kuwait 0,831 Asia
51%
48 Montenegro 0,832 Europe
40%
50 Brunei 0,829 Asia
37%
No matching quizzes found
Score Distribution
Percent of People with Each Score
Percentile by Number Answered
Your Score History
You have not taken this quiz